00265nam a2200109Ia 4500008004100000020001500041100002100056245003300077250000800110260002900118300000800147211105s9999 xx 000 0 und d aVYASA01238 aDonald Walters J 0aAwaken To Superconsciousness a1st bMotilal banarsidass c\N a262